000 00339nam a2200133Ia 4500
005 20251222144725.0
008 251222s9999||||xx |||||||||||||| ||spa||
020 _a84-368-1165-8
082 _a658.15/C12/Ej.2
100 _aCaballer Mellado, Vicente
245 0 _aMétodos de Valoración de Empresas
264 _bPirámide
942 _cLIB
999 _c18365
_d18365